007390000a22002170004500090001300000100003600013700003900049700003300088700004000121245011500161651003900276690003600315690002400351690002300375690002400398041001400422044001300436942001300449773004200462999001700504 aSERIADAS1 aLozano Ramírez, Yesid91006611 aMolina Portuguez, Leonardo91006621 aSilva Herrera, Jairo91006631 aPinzón, Claudia Alexandra910066410aEstudio corológico y fenológico de ocho especies del bosque andino, Bogotá D.C., Cundinamarca - Colombia 4lCerros OrientalesmBogotá992749 aFragmentación de bosques9349 aBosque andino93789 aFenología992807 aCorología91006650 aEspañol aColombia cARTICULO1 tPérez Arbelaeziah17q187-210d2006 c16359d16359